logo

Bir Sreshtho Munshi Abdur Rouf Library
Jhenaidah Cadet College

Not the whole truth / (Record no. 9031)

MARC details
000 -LEADER
fixed length control field 00741cam a22002411 4500
001 - CONTROL NUMBER
JCCL Control Number 9031
003 - CONTROL NUMBER IDENTIFIER
JCCL marc code BD-JhCC
005 - DATE AND TIME OF LATEST TRANSACTION
control field 20180314180100.0
008 - FIXED-LENGTH DATA ELEMENTS--GENERAL INFORMATION
fixed length control field 861120s1963 pk ac 000 0 eng
035 ## - SYSTEM CONTROL NUMBER
system control number (BD-JhCC)9031
040 ## - CATALOGING SOURCE
Original cataloging agency DLC
Transcribing agency WaU
Modifying agency DLC
-- BD-JhCC
041 ## - LANGUAGE CODE
Language code of Book eng
050 00 - LIBRARY OF CONGRESS CALL NUMBER
Classification number KPL110.K39
Item number A3 1963
082 ## - DEWEY DECIMAL CLASSIFICATION NUMBER
Author mark and Year KAY 1963
Classification number 262.1350924
100 1# - MAIN ENTRY--PERSONAL NAME
Personal name Kayani, Malik Rustam,
Dates associated with a name 1902-1962.
245 10 - TITLE STATEMENT
Title Not the whole truth /
Statement of responsibility, etc by M.R. Kayani. Illustrated by Masarrat Shaukat Ali.
250 ## - EDITION STATEMENT
Edition statement [2d ed.]
260 ## - PUBLICATION, DISTRIBUTION, ETC. (IMPRINT)
Place of publication, distribution, etc Lahore,
Name of publisher, distributor, etc Pakistan Writers' Co-operative Society
Date of publication, distribution, etc [1963]
300 ## - PHYSICAL DESCRIPTION
Pagination vii, 211 p.
Other physical details illus., port.
Dimensions 23 cm.
650 #0 - SUBJECT ADDED ENTRY--TOPICAL TERM
Topical term or geographic name as entry element Judges
Geographic subdivision Pakistan
General subdivision Correspondence, reminiscences, etc.
942 ## - ADDED ENTRY ELEMENTS (KOHA)
Source of classification or shelving scheme Dewey Decimal Classification
Koha item type Books
Holdings
Source of classification or shelving scheme Damaged status Not for loan Home library Current library Shelving location Total Checkouts Full call number Barcode Date last seen Copy number Koha item type
Dewey Decimal Classification     JCC Rouf Library JCC Rouf Library General Stacks   262.1350924 KAY 1963 12005 03/07/2018 C - 1 Books

JCC Library | Contacts | JCC Home

Last Update on 23 September 2017
Copyright @ 2017-2020 JCC Rouf Library
Rouf Library, Jhenidah Cadet College (JCC), Bangladesh